000 00742nam a22002537a 4500
001 BR8005332
003 BR-BrBNA
005 20230928090719.0
007 ta
008 230509b bl.||||| |||| 00| 0 por d
040 _aBR-BrBNA
_bpor
_cBiblioteca Nacional de Agricultura
041 _a(Por)
072 _aP12
_b/G514
090 _ P12 BR8005332
100 1 _aRusso Junior, M.
110 1 _aCompanhia Energetica de Sao Paulo, Sao Paulo (Brasil)
_92428
245 1 _aIrrigacao - Planejamento e projeto de irrigacao por aspersao [Brasil]
260 3 _aSao Paulo, SP (Brasil):
_c1980.
300 _a31 p.
500 _a10 tables; 12 illus.
650 _aIRRIGACAO POR ASPERSAO
909 _a202309
_bLucia
_c55
_dLucia Elande
942 _cBK
999 _c30170
_d30170